000 01033nam a2200301Ia 4500
005 20220317001534.0
008 161108s2010 s ao g 000 0 s
020 _a9788467031430
082 0 4 _a576.8
_bD18e
100 1 _aDawkins, Richard
245 1 0 _aEvolución
_cRichard Dawkins ; traducción de Jesús Fabregat
250 _a4a. edición
300 _a430 páginas
_bilustraciones, fotografías en color y blanco y negro
_c23 cm
500 _aIncluye apéndice, notas, bibliografía e índice onomástico y analítico
534 _tThe greatest show on earth \\
650 1 4 _2LEMB
_aEvolución
650 1 4 _2LEMB
_aAdaptación (Biología)
650 1 4 _2LEMB
_aSelección natural
650 1 4 _2LEMB
_aFilogenia
650 1 4 _2LEMB
_aOrigen de las especies
700 1 _aFrabregat, Jesús
_975240
942 _2ddc
_cBK
264 _aBarcelona
_bEspasa
_c2010
336 _atexto
_btxt
_2rdacontent
337 _asin mediación
_bn
_2rdamedia
338 _avolumen
_bnc
_2rdacarrier
040 _aCO-BoRNBP
_bspa
_erda
_cCO-BoRNBP
999 _c7286
_d7286